| 000 | 005310000a22001690004500 | ||
|---|---|---|---|
| 020 | _a0-8307-1446-4 | ||
| 041 | 0 | _aENG | |
| 082 | 0 | 4 | _aG 269 W1321d |
| 245 | 1 | 0 | _aWrestling with dark angels : Toward a deeper understanding of the supernatural forces in spiritual warfare / C. Peter Wagner, F. Douglas Pennoyer, Editores |
| 260 | _aVentura, CA., USA : Regal | ||
| 300 | _a365 Pag | ||
| 001 | 8104 | ||
| 942 | _cBK | ||
| 999 |
_c38301 _d38301 |
||
| 336 |
_atexto _btxt _2rdacontent |
||
| 337 |
_2rdamedia _asin mediación _bn |
||
| 338 |
_2rdacarrier _avolumen _bnc |
||